Eurovision Chain Quiz - Easy - Statistics

General Stats
  • This quiz has been taken 51 times
  • The average score is 18 of 23
Answer Stats
Hint Answer % Correct
1974 winners from Sweden whose song was inspired by Napoleon ABBA
100%
Country outside of Africa, Europe or Asia to take part in Eurovision Australia
98%
Only African country to ever take part in Eurovision Morocco
98%
2012 winning song by Loreen who represented Sweden Euphoria
95%
2020 and 2021 host city, after the win of Duncan Laurence with "Arcade" Rotterdam
93%
2017 winning entry by Salvador Sobral from Portugal: "____ pelos dois" Amar
89%
British representative who placed 2nd in 2022 with "Space Man": Sam Ryder
89%
Country whose representatives include Ruslana, Jamala and Verka Serduchka Ukraine
89%
Tuesday/Thursday show that precedes the Saturday's Grand Final Semi-final
86%
3-letter abbreviation of the media alliance that organises Eurovision EBU
84%
2006 winners, a Finnish moster-like band performing "Hard Rock Hallelujah" Lordi
84%
2023 Finnish entry by Käärijä that placed second, also a type of dance Cha Cha Cha
82%
Canadian singer who won for Switzerland in 1988: C. Dion
82%
2016 Grand Final interval act performed by Petra and Måns: "____ ____ Peace Peace" Love Love
82%
Nickname of Moldovan saxophone player at 2010 Eurovision: ____ Sax Guy Epic
80%
British-Australian singer-actress to represent the UK in 1974: Olivia Newton-John
75%
Russian representative in 2016 and 2019 who climbed up a wall: Sergey Lazarev
70%
2013 Greek entry by Koza Mostra and Agathonas Iakovidis: "_______ Is Free" Alcohol
66%
Pre-recorder music is used now. Who provided music between 1956-1990s? Orchestra
66%
2018 slogan when Lisbon, Portugal hosted a sea-themed contest: All Aboard!
64%
1970 Spanish representative with the song "Gwendolyne", father of Enrique: J. Iglesias
52%
Unofficial name of 1958 Italian song "Nel blu, dipinto di blu" by Domenico Modugno Volare
52%
When a country receives zero points from the jury and the televote: ___ points Nil
41%
No matching quizzes found
Score Distribution
Percent of People with Each Score
Percentile by Number Answered
Your Score History
You have not taken this quiz